Fortalecer los municipios es consolidar la democracia /

Guardado en:
書目詳細資料
主要作者: Cordero Rodríguez, Mario
企業作者: Instituto de Fomento y Asesoría Municipal
其他作者: ed.
格式: Texto
出版: San José: IFAM
標簽: 添加標簽
沒有標簽, 成為第一個標記此記錄!

MARC

LEADER 00000 a a2200000 04500
001 24087
003
040
090 |a 167800  
100 |a Cordero Rodríguez, Mario  
110 |a Instituto de Fomento y Asesoría Municipal  
245 |a Fortalecer los municipios es consolidar la democracia /  |c Mario Cordero Rodríguez 
260 |a San José:   |b IFAM  
300 |a 59 p.   |b il.  
700 |a ed.  
999 |c 5664  |d 5664